| 000 | 00700nam a22002177a 4500 | ||
|---|---|---|---|
| 003 | 0 | ||
| 005 | 20230907133759.0 | ||
| 008 | 230907b xxu||||| |||| 00| 0 eng d | ||
| 020 | _a978-1-98467-917-8 | ||
| 050 |
_aLB 1027.5 _b.T57 2023 |
||
| 110 | _a3G E-learning | ||
| 245 |
_aCareer development and counseling _c3G E-learning |
||
| 260 |
_aNew York _b3G E-learning, LLC _cc2023. |
||
| 300 |
_axiii, 318 pages : _bcol. ill. ; _c26 cm. |
||
| 500 | _aPersonnel service in education. | ||
| 504 | _aIncludes bibliographical references, index, and glossary. | ||
| 650 | _aPersonnel service in education. | ||
| 650 | _aCareer development. | ||
| 650 | _aVocational guidance. | ||
| 942 |
_2lcc _cBK |
||
| 999 |
_c365263 _d365263 |
||